| 000 | 00363nam a2200133Ia 4500 | ||
|---|---|---|---|
| 008 | 150202s9999 xx 000 0 und d | ||
| 020 | _a553581457 | ||
| 050 |
_aFIC _bFIC |
||
| 100 | _aTaylor, Alison G. | ||
| 245 | 4 |
_aThe house of women / _cAlison G. Taylor. |
|
| 260 |
_aNew York : _bBantam Books, _c1998. |
||
| 300 |
_a356 pages : _c18 cm. |
||
| 650 | _aFiction. | ||
| 999 |
_c282434 _d282434 |
||